My home is making me ill (Record no. 85178)

MARC details
000 -LEADER
fixed length control field 01195cab a22002895a 4500
001 - CONTROL NUMBER
control field L160150
007 - PHYSICAL DESCRIPTION FIXED FIELD--GENERAL INFORMATION
fixed length control field ta
008 - FIXED-LENGTH DATA ELEMENTS--GENERAL INFORMATION
fixed length control field 180810e2018 xxk 000 0 eng d
035 ## - SYSTEM CONTROL NUMBER
System control number (Sirsi) u160150
041 0# - LANGUAGE CODE
Language code of text/sound track or separate title eng
100 1# - MAIN ENTRY--PERSONAL NAME
Personal author Parrett, Mike
245 00 - TITLE STATEMENT
Title My home is making me ill
Medium [electronic resource]
260 ## - PUBLICATION INFORMATION
Date 2018
490 ## - SERIES TITLE
Series statement RICS Property Journal
Volume July-August 2018, 42-45(4)
520 ## - ABSTRACT
Abstract First in a series of articles which look at the link between health and housing. Highlights issues and causes which contribute to this including damp and mould, Chromated copper arsenate, Formaldehyde gas, Phthalates Vermiculite, Eutrophication, Chlorofluorocarbons (CFCs), Radon gas and Electrical appliances and devices.
650 24 - KEYWORDS
Keywords ILLNESS
650 24 - KEYWORDS
Keywords HOUSING HEALTH AND SAFETY RATING SYSTEM (ENGLAND) REGULATIONS 2005
650 24 - KEYWORDS
Keywords HOUSING ACT 2004
650 24 - KEYWORDS
Keywords BUILDING ACT 1984
651 #4 - SUBJECT ADDED ENTRY--GEOGRAPHIC NAME
Geographic name United Kingdom
651 #4 - SUBJECT ADDED ENTRY--GEOGRAPHIC NAME
Geographic name United Kingdom 1973
690 ## - LOCAL SUBJECT ADDED ENTRY--TOPICAL TERM (OCLC, RLIN)
Topical term or geographic name as entry element Health and safety
9 (RLIN) 6244
690 ## - LOCAL SUBJECT ADDED ENTRY--TOPICAL TERM (OCLC, RLIN)
Topical term or geographic name as entry element Residential property
9 (RLIN) 6266
856 40 - ONLINE RESOURCE
Uniform Resource Identifier https://issuu.com/ricsmodus/docs/property_journal_july-august_2018
Link text Available free online via Issuu
942 ## - ADDED ENTRY ELEMENTS (KOHA)
Suppress in OPAC Do not suppress in OPAC
Source of classification or shelving scheme Dewey Decimal Classification
651 #4 - SUBJECT ADDED ENTRY--GEOGRAPHIC NAME
Chronological subdivision
Holdings
Withdrawn status Lost status Source of classification or shelving scheme Damaged status Koha normalized classification for sorting Not for loan Home library Current library Shelving location Date acquired Total Checkouts Full call number Barcode Date last seen Copy number Price effective from Koha item type
    Dewey Decimal Classification   ONLINE_PUBLICATOIN   Virtual Virtual Online 10/08/2018   ONLINE PUBLICATOIN 160150-2001 06/08/2019 1 06/08/2019 Journal article